| 000 | 00639nam a2200193Ia 4500 | ||
|---|---|---|---|
| 003 | IN-BaIIA | ||
| 008 | 211028s9999 xx 000 0 eng d | ||
| 020 | _a978-981-02-2944-3 | ||
| 040 | _cIIA Library | ||
| 080 |
_a[5]:01:00 _bSTE-II |
||
| 100 |
_aSteeb, Willi-Hans _923992 |
||
| 245 | 0 |
_aProblems and solutions in theoretical and mathematical physics _bvol. II, advanced level _cWilli-Hans Steeb |
|
| 260 |
_aSingapore _bWorld Scientific _c1997 |
||
| 300 | _aix, 323p. | ||
| 650 |
_aMathematical physics _91525 |
||
| 650 |
_aPhysics _973 |
||
| 650 |
_aTheoretical physics _91581 |
||
| 942 | _cBK | ||
| 999 |
_c13656 _d13656 |
||